书目信息 |
| 题名: |
新闻传播法教程
|
|
| 作者: | 魏永征 著 | |
| 分册: | ||
| 出版信息: | 北京 中国人民大学出版社 2013 |
|
| 页数: | 308页 | |
| 开本: | 26cm | |
| 丛书名: | ||
| 单 册: | ||
| 中图分类: | D922.161 | |
| 科图分类: | ||
| 主题词: | 新闻学--Xin Wen Xue--传播学--法学--中国--高等教育--教材 | |
| 电子资源: | ||
| ISBN: | 978-7-300-17261-3 | |
| 000 | 00961nam0 22002531 450 | |
| 001 | 350366 | |
| 005 | 20161008165420.03 | |
| 010 | @a978-7-300-17261-3@dCNY38.00 | |
| 100 | @a20130604d2013 em y0chiy50 ea | |
| 101 | 0 | @achi |
| 102 | @aCN@b110000 | |
| 105 | @ay z 000yy | |
| 106 | @ar | |
| 200 | 1 | @a新闻传播法教程@AXin Wen Chuan Bo Fa Jiao Cheng@f魏永征著 |
| 205 | @a4版 | |
| 210 | @a北京@c中国人民大学出版社@d2013 | |
| 215 | @a308页@d26cm | |
| 300 | @a21世纪新闻传播学系列教材·基础课程系列/方汉奇主编 普通高等教育“十一五”国家级规划教材 教育部普通高等教育精品教材 | |
| 330 | @a本书共分为十章,内容包括:宪法规范、维护国家安全、保障社会正常秩序、新闻与司法、特殊信息发布和报道、新闻传播活动与著作权、新闻业的行政管理等。 | |
| 606 | 0 | @a新闻学@AXin Wen Xue@x传播学@x法学@y中国@x高等教育@j教材 |
| 690 | @aD922.161@v5 | |
| 701 | 0 | @a魏永征@AWei Yong Zheng@f(1941~)@4著 |
| 801 | 0 | @aCN@bTANGWEI@c20160803 |
| 905 | @b0889670-4@dD922.161@e1298=4@f5 | |
| 新闻传播法教程/魏永征著.-4版.-北京:中国人民大学出版社,2013 |
| 308页;26cm |
| 21世纪新闻传播学系列教材·基础课程系列/方汉奇主编 普通高等教育“十一五”国家级规划教材 教育部普通高等教育精品教材 |
| ISBN 978-7-300-17261-3:CNY38.00 |
| 本书共分为十章,内容包括:宪法规范、维护国家安全、保障社会正常秩序、新闻与司法、特殊信息发布和报道、新闻传播活动与著作权、新闻业的行政管理等。 |
| ● |
| 相关链接 |
|
|
|
|
正题名:新闻传播法教程
索取号:D922.161/1298=4
 
预约/预借
| 序号 | 登录号 | 条形码 | 馆藏地/架位号 | 状态 | 备注 |
| 1 | 0889670 | 208896701 | 第一样本阅览室/ [索取号:D922.161/1298=4] | 在馆 | |
| 2 | 0889671 | 208896710 | 第一借阅区/ [索取号:D922.161/1298=4] | 在馆 | |
| 3 | 0889672 | 208896729 | 第一借阅区/ [索取号:D922.161/1298=4] | 在馆 | |
| 4 | 0889673 | 208896738 | 第一借阅区/ [索取号:D922.161/1298=4] | 在馆 | |
| 5 | 0889674 | 208896747 | 密集书库-史法系/ [索取号:D922.161/1298=4] | 在馆 |